| 000 | 01616nam a2200361 i 4500 | ||
|---|---|---|---|
| 001 | 000016889 | ||
| 003 | DO-SdBNP | ||
| 005 | 20250401154306.0 | ||
| 007 | ta | ||
| 008 | 100312t1975 dr a 001 0 spa d | ||
| 040 |
_aDO-SdBNP _bspa _cBNPHU _erda |
||
| 082 | 4 |
_a299.675 _bR696p, 1975 _222 |
|
| 100 | 1 |
_aRodríguez, Manuel Tomás, _937356 _eautor _4aut. |
|
| 245 | 1 | 0 |
_aPapá Legbá : _b(la crónica del Voudú o pacto con el Diablo y algo más...) / _cManuel Tomás Rodríguez ; prólogo, Manuel Marino Miniño Marion-Landais. |
| 250 | _atercera edición corregida y ampliada | ||
| 264 |
_aSanto Domingo _bEditora Smigo del Hogar, _c1975. |
||
| 300 |
_a220 páginas : _bilustraciones ; _c21 cm. |
||
| 336 |
_atexto _btxt _2rdacontent |
||
| 337 |
_asin mediación _bn _2rdamedia |
||
| 338 |
_avolumen _bnc _2rdacarrier |
||
| 500 | _aIncluye referencias bibliográficas y notas al pie de las páginas. | ||
| 500 | _aVocabulario voudú : páginas 215-220. | ||
| 505 | 0 |
_aA manera de prólogo / _rManuel Marino Miniño Marion-Landais -- _tEl alma encantada -- _tCon la mirada fija -- _tMagia negra y roja -- _tPor rutas de la historia -- _tPrácticas -- _tIdeas, observaciones y conceptos, por varios -- _tVocabulario voudú. |
|
| 590 | _aInventariado, 2018/VM | ||
| 650 | 4 |
_aVudú _91917 |
|
| 650 | 4 |
_aBrujería _910917 |
|
| 650 | 0 |
_aFolclore _zHaití _933448 |
|
| 650 | 4 |
_aSincretismo (religión) _910400 |
|
| 651 | 4 |
_aHaití _xVida religiosa y costumbres _937358 |
|
| 700 | 1 |
_aMiniño Marion-Landais, Manuel Marino, _epróloguista _937374 _4pról. |
|
| 910 | _aValidado. Control de calidad EMS. | ||
| 942 |
_2ddc _cLBS1 |
||
| 999 |
_c16421 _d16421 |
||